[Event "Ruhrgebiet Verbandsklasse Gruppe 3 1718"]
[Site "Germany"]
[Date "2018.01.14"]
[Round "5.8"]
[White "Pappert, Thomas"]
[Black "Semina, Svetlana"]
[Result "1/2-1/2"]
[WhiteElo "1750"]
[BlackElo "2126"]
[PlyCount "81"]
[EventDate "2017.09.17"]
[EventType "team-tourn"]
[EventRounds "9"]
[EventCountry "GER"]
[SourceTitle "EXT 2022"]
[Source "ChessBase"]
[SourceDate "2021.10.06"]
[SourceVersion "1"]
[SourceVersionDate "2021.10.06"]
[SourceQuality "1"]
[WhiteTeam "Bochum-Linden"]
[BlackTeam "Buer Hassel"]
[WhiteTeamCountry "GER"]
[BlackTeamCountry "GER"]

1. e4 e6 2. b3 d5 3. Bb2 dxe4 4. Nc3 Nf6 5. Qe2 Be7 6. 0-0-0 Nbd7 7. Nxe4 0-0 8. d4 a5 9. a4 b6 10. Qf3 Rb8 11. Bd3 Nd5 12. h4 Nb4 13. Qg3 Nxd3+ 14. Rxd3 f5 15. Ng5 Nf6 16. N1h3 Bd6 17. Qe3 Nd5 18. Qe2 h6 19. Nf3 Re8 20. c4 Nf4 21. Nxf4 Bxf4+ 22. Kc2 Bb7 23. Nd2 Bxg2 24. Rg1 Bb7 25. d5 e5 26. Qh5 Qf6 27. Rf3 Qf7 28. Qxf7+ Kxf7 29. Rxf4 exf4 30. Rxg7+ Kf8 31. Rxc7 Bc8 32. Kd3 f3 33. Nxf3 f4 34. Bg7+ Kg8 35. Bxh6 Bf5+ 36. Kd2 Re4 37. Rg7+ Kh8 38. Rg5 Bd7 39. Bg7+ Kh7 40. Be5 Rg8 41. Kd3 1/2-1/2

[Event "Ruhrgebiet Verbandsklasse Gruppe 3 1718"]
[Site "Germany"]
[Date "2017.12.03"]
[Round "4.7"]
[White "Schmidt, Jonas"]
[Black "Semina, Svetlana"]
[Result "0-1"]
[WhiteElo "1637"]
[BlackElo "2126"]
[PlyCount "38"]
[EventDate "2017.09.17"]
[EventType "team-tourn"]
[EventRounds "9"]
[EventCountry "GER"]
[SourceTitle "EXT 2022"]
[Source "ChessBase"]
[SourceDate "2021.10.06"]
[SourceVersion "1"]
[SourceVersionDate "2021.10.06"]
[SourceQuality "1"]
[WhiteTeam "Mengede SG"]
[BlackTeam "Buer Hassel"]
[WhiteTeamCountry "GER"]
[BlackTeamCountry "GER"]

1. e4 e5 2. Nf3 Nc6 3. Bc4 Bc5 4. c3 Qe7 5. 0-0 d6 6. d4 Bb6 7. Ng5 Nh6 8. Be3 0-0 9. f4 Ng4 10. Bc1 exd4 11. Qf3 h6 12. Nh3 Nf6 13. Nf2 Be6 14. Bd3 dxc3 15. Nxc3 Ng4 16. Ncd1 Nd4 17. Qg3 f5 18. h3 Nxf2 19. Nxf2 fxe4 0-1

[Event "Ruhrgebiet Verbandsklasse Gruppe 3 1415"]
[Site "Germany"]
[Date "2015.03.01"]
[Round "7.8"]
[White "Semina, Svetlana"]
[Black "Lohkemper, Malte"]
[Result "1-0"]
[WhiteElo "2121"]
[BlackElo "1374"]
[PlyCount "83"]
[EventDate "2014.09.21"]
[EventType "team-tourn"]
[EventRounds "9"]
[EventCountry "GER"]
[SourceTitle "EXT 2022"]
[Source "ChessBase"]
[SourceDate "2021.10.06"]
[SourceVersion "1"]
[SourceVersionDate "2021.10.06"]
[SourceQuality "1"]
[WhiteTeam "Buer Hassel"]
[BlackTeam "Haltern"]
[WhiteTeamCountry "GER"]
[BlackTeamCountry "GER"]

1. e4 c5 2. Nf3 d6 3. d4 cxd4 4. Nxd4 Nf6 5. Nc3 Bd7 6. Be2 Nc6 7. Be3 e6 8. 0-0 a6 9. f4 Be7 10. Kh1 0-0 11. Bf3 Qc7 12. Qe2 Rac8 13. Nb3 Rfd8 14. Qf2 Re8 15. Bb6 Qb8 16. Rad1 Bd8 17. Be3 Na5 18. e5 dxe5 19. fxe5 Qxe5 20. Bd4 Qc7 21. Nxa5 Qxa5 22. Bxf6 Bxf6 23. Rxd7 Bxc3 24. bxc3 Qb5 25. Rxb7 Qc5 26. Qe2 Qc4 27. Qxc4 Rxc4 28. Be2 Rxc3 29. Rfxf7 Rxc2 30. Rxg7+ Kh8 31. Rxh7+ Kg8 32. Rhg7+ Kh8 33. Rh7+ Kg8 34. Rbg7+ Kf8 35. Rf7+ Kg8 36. Bf1 Rxa2 37. h3 a5 38. Rfg7+ Kf8 39. Ra7 Kg8 40. Bd3 a4 41. Rhg7+ Kh8 42. Rg3 1-0

[Event "NRW Class1 0607"]
[Site "Germany"]
[Date "2006.09.17"]
[Round "1.6"]
[White "Semina, Svetlana"]
[Black "Fecke, Andreas"]
[Result "1-0"]
[WhiteElo "2162"]
[BlackElo "2183"]
[PlyCount "71"]
[EventDate "2006.09.17"]
[EventType "team-tourn"]
[EventRounds "9"]
[EventCountry "GER"]
[SourceTitle "EXT 2007"]
[Source "ChessBase"]
[SourceDate "2006.11.23"]
[SourceVersion "1"]
[SourceVersionDate "2006.11.23"]
[SourceQuality "1"]
[WhiteTeam "Gelsenkirchen"]
[BlackTeam "Lippstadt Turm"]
[WhiteTeamCountry "GER"]
[BlackTeamCountry "GER"]

1. e4 e5 2. Nf3 d6 3. d4 exd4 4. Nxd4 Nf6 5. Nc3 Be7 6. Be2 0-0 7. Be3 c5 8. Nb3 Nc6 9. f4 Re8 10. 0-0 Bf8 11. Bf3 a5 12. Kh1 a4 13. Nd2 a3 14. b3 Nb4 15. Bg1 Bd7 16. e5 dxe5 17. fxe5 Rxe5 18. Bxb7 Rb8 19. Nc4 Re6 20. Bf3 Ra6 21. Qe2 Qc7 22. Rad1 Re8 23. Qf2 Be6 24. h3 Bxc4 25. bxc4 Qf4 26. Nd5 Nbxd5 27. cxd5 Bd6 28. Rde1 Rxe1 29. Rxe1 Rb6 30. Qe2 h6 31. Qd3 c4 32. Qc3 Rb5 33. Qd4 Qxd4 34. Bxd4 Nxd5 35. Re8+ Kh7 36. Be4+ 1-0

[Event "Oberliga NRW 0506"]
[Site "Germany"]
[Date "2005.12.04"]
[Round "4.6"]
[White "Hilverda, Alexander"]
[Black "Semina, Svetlana"]
[Result "1-0"]
[WhiteElo "2160"]
[BlackElo "2182"]
[PlyCount "61"]
[EventDate "2005.09.25"]
[EventType "team-tourn"]
[EventRounds "9"]
[EventCountry "GER"]
[SourceTitle "EXT 2007"]
[Source "ChessBase"]
[SourceDate "2006.11.23"]
[SourceVersion "1"]
[SourceVersionDate "2006.11.23"]
[SourceQuality "1"]
[WhiteTeam "Bielefeld"]
[BlackTeam "Gelsenkirchen Hassel"]
[WhiteTeamCountry "GER"]
[BlackTeamCountry "GER"]

1. e4 e5 2. Nf3 Nc6 3. Bb5 Nf6 4. 0-0 Nxe4 5. d4 Nd6 6. Bxc6 dxc6 7. dxe5 Nf5 8. Qxd8+ Kxd8 9. Nc3 h6 10. Ne4 Be6 11. b3 Be7 12. h3 Ke8 13. g4 Nh4 14. Nxh4 Bxh4 15. f4 h5 16. Nc5 Bc8 17. f5 Be7 18. Ne4 hxg4 19. hxg4 Rh4 20. Rf4 g6 21. fxg6 fxg6 22. g5 Rh8 23. Rf2 Be6 24. Nf6+ Bxf6 25. exf6 Rd8 26. Bf4 Kf7 27. Re1 Rd4 28. c3 Rd3 29. Rfe2 Bd7 30. Re7+ Kf8 31. f7 1-0

[Event "Oberliga NRW 0405"]
[Site "Germany"]
[Date "2005.01.30"]
[Round "6.4"]
[White "Bischof, Detlef"]
[Black "Semina, Svetlana"]
[Result "1/2-1/2"]
[WhiteElo "2262"]
[BlackElo "2181"]
[PlyCount "74"]
[EventDate "2004.10.10"]
[EventType "team-tourn"]
[EventRounds "9"]
[EventCountry "GER"]
[SourceTitle "EXT 2006"]
[Source "ChessBase"]
[SourceDate "2005.11.24"]
[SourceVersion "1"]
[SourceVersionDate "2005.11.24"]
[SourceQuality "1"]
[WhiteTeam "Dortmund Hansa"]
[BlackTeam "Gelsenkirchen"]
[WhiteTeamCountry "GER"]
[BlackTeamCountry "GER"]

1. d4 Nf6 2. c4 e6 3. Bg5 Be7 4. Nc3 d5 5. e3 c6 6. Nf3 Nbd7 7. Qc2 0-0 8. Rc1 Re8 9. Bd3 Nf8 10. 0-0 dxc4 11. Bxc4 Nd5 12. Bxe7 Qxe7 13. Ne4 Kh8 14. a3 f6 15. Ng3 a5 16. Rfd1 Ng6 17. e4 Ndf4 18. e5 Rf8 19. Ne4 fxe5 20. Nxe5 Nxe5 21. dxe5 Nd5 22. Re1 Nf4 23. g3 Nd5 24. Bd3 h6 25. Bc4 Bd7 26. Nd6 Be8 27. Ba2 g5 28. Bb1 Bh5 29. Qc5 Bg4 30. Ne4 Qf7 31. Nd6 Qf3 32. Be4 Qb3 33. Qc2 Qb6 34. Nc4 Qc7 35. Nd6 Qb6 36. Nc4 Qc7 37. Nd6 Qb6 1/2-1/2

[Event "Ruhrgebiet VL1 0304"]
[Site "Ruhrgebiet"]
[Date "2003.10.19"]
[Round "2.2"]
[White "Lanius, Daniel"]
[Black "Semina, Svetlana"]
[Result "0-1"]
[WhiteElo "2032"]
[BlackElo "2090"]
[PlyCount "74"]
[EventDate "2003.09.28"]
[EventType "team"]
[EventRounds "9"]
[EventCountry "GER"]
[SourceTitle "EXT 2007"]
[Source "ChessBase"]
[SourceDate "2006.11.23"]
[SourceVersion "1"]
[SourceVersionDate "2006.11.23"]
[SourceQuality "1"]
[WhiteTeam "Osterfeld"]
[BlackTeam "Gelsenkirchen II"]
[WhiteTeamCountry "GER"]
[BlackTeamCountry "GER"]

1. e4 e5 2. Nf3 Nc6 3. Bb5 Nge7 4. c3 d6 5. d4 Bd7 6. 0-0 g6 7. Be3 Bg7 8. d5 Nb8 9. Bxd7+ Nxd7 10. c4 0-0 11. Nc3 h6 12. Ne1 f5 13. f3 Nf6 14. Nd3 Qd7 15. b4 g5 16. c5 fxe4 17. fxe4 Ng4 18. Bd2 Ng6 19. Rxf8+ Rxf8 20. c6 bxc6 21. dxc6 Qc8 22. b5 Nf4 23. Nxf4 exf4 24. Be1 Ne3 25. Qd2 Qe6 26. Rc1 Bxc3 27. Rxc3 Qxe4 28. a3 d5 29. Rd3 Re8 30. Qe2 Qc4 31. Rd2 Qc5 32. Kh1 Qxa3 33. Rxd5 Qe7 34. Rd7 Qe5 35. Qa2+ Nd5 36. Bc3 Qe1+ 37. Bxe1 Rxe1# 0-1

[Event "Ruhrgebiet VL,VK 9900 Relegation3"]
[Site "Ruhrgebiet"]
[Date "2000.06.04"]
[Round "?"]
[White "Semina, Svetlana"]
[Black "Mroczek, Mathias"]
[Result "1-0"]
[WhiteElo "2168"]
[BlackElo "2045"]
[PlyCount "91"]
[EventDate "2000.??.??"]
[EventType "team-tourn"]
[EventRounds "3"]
[EventCountry "GER"]
[SourceTitle "EXT 2024"]
[Source "ChessBase"]
[SourceDate "2023.10.10"]
[SourceVersion "1"]
[SourceVersionDate "2023.10.10"]
[SourceQuality "1"]
[WhiteTeam "Buer Hassel"]
[BlackTeam "Muelheim Nord III"]
[WhiteTeamCountry "GER"]
[BlackTeamCountry "GER"]

1. e4 e6 2. d4 d5 3. Nc3 Nf6 4. Bg5 dxe4 5. Nxe4 Nbd7 6. Nf3 h6 7. Nxf6+ Nxf6 8. Bxf6 Qxf6 9. Bd3 a6 10. Qe2 c5 11. 0-0-0 cxd4 12. Nxd4 Bc5 13. Nf3 Bd7 14. Ne5 Bc6 15. Nxc6 Qf4+ 16. Qd2 Qxd2+ 17. Rxd2 bxc6 18. Be4 Rc8 19. c3 f5 20. Bd3 Ke7 21. Re1 Kf6 22. Rde2 Rce8 23. Bxa6 e5 24. b4 Bb6 25. a4 e4 26. a5 Bc7 27. Bb7 c5 28. a6 cxb4 29. cxb4 Bb6 30. Rc2 Re6 31. Rd1 Rhe8 32. Bc8 e3 33. Bxe6 Rxe6 34. fxe3 Bxe3+ 35. Kb2 Rxa6 36. Kb3 Ke5 37. Ra2 Rxa2 38. Kxa2 f4 39. Kb3 g5 40. Kc4 Ke4 41. Rd6 Bg1 42. Re6+ Kf5 43. Rxh6 g4 44. Kd3 f3 45. gxf3 gxf3 46. b5 1-0

[Event "BL2 West 0001 (Women)"]
[Site "Germany"]
[Date "2000.??.??"]
[Round "?"]
[White "Semina, Svetlana"]
[Black "Ludwig, Kristin"]
[Result "0-1"]
[WhiteElo "2218"]
[BlackElo "2040"]
[PlyCount "118"]
[EventDate "2000.??.??"]
[EventType "team-tourn"]
[EventRounds "7"]
[EventCountry "GER"]
[SourceTitle "EXT 2002"]
[Source "ChessBase"]
[SourceDate "2001.11.25"]
[SourceVersion "1"]
[SourceVersionDate "2001.11.25"]
[SourceQuality "1"]

1. e4 e6 2. d4 d5 3. Nc3 Bb4 4. e5 Ne7 5. Qg4 c5 6. a3 Bxc3+ 7. bxc3 Qc7 8. Qxg7 Rg8 9. Qxh7 cxd4 10. Ne2 Nbc6 11. f4 dxc3 12. Qd3 d4 13. Nxd4 Nxd4 14. Qxd4 Bd7 15. Rg1 Nf5 16. Qf2 Qc6 17. Bd3 Qd5 18. g3 Nd4 19. Rf1 Bc6 20. Be3 Nf3+ 21. Ke2 Qa5 22. Bc5 0-0-0 23. Bd6 Rxd6 24. exd6 Qh5 25. g4 Qxg4 26. Qg3 Qxg3 27. hxg3 Rxg3 28. Rf2 Nd4+ 29. Ke1 Kd7 30. Rb1 Kxd6 31. Rb4 Nf3+ 32. Ke2 Ng1+ 33. Kf1 Nf3 34. Ke2 Ng1+ 35. Kd1 Nh3 36. Rf1 Bf3+ 37. Be2 Bg2 38. Re1 Nf2+ 39. Kc1 Ne4 40. Rd4+ Ke7 41. Rc4 Nd6 42. Ra4 Re3 43. Kd1 Bc6 44. Rxa7 Ne4 45. Rg1 Nf2+ 46. Ke1 Nh3 47. Rf1 Re4 48. Kd1 Nxf4 49. Bf3 Rd4+ 50. Kc1 Nd5 51. Kb1 f5 52. Ra5 Ne3 53. Bxc6 Nxf1 54. Bxb7 Nd2+ 55. Ka2 f4 56. Rc5 Rc4 57. Rxc4 Nxc4 58. Kb3 Na5+ 59. Kxc3 Nxb7 0-1

[Event "BL 9596 (Women)"]
[Site "Germany"]
[Date "1996.??.??"]
[Round "?"]
[White "Mueller, Andrea"]
[Black "Semina, Svetlana"]
[Result "0-1"]
[WhiteElo "2110"]
[BlackElo "2230"]
[PlyCount "92"]
[EventDate "1995.10.??"]
[EventType "team-tourn"]
[EventRounds "11"]
[EventCountry "GER"]
[SourceTitle "EXT 1999"]
[Source "ChessBase"]
[SourceDate "1998.11.16"]
[SourceVersion "1"]
[SourceVersionDate "1998.11.16"]
[SourceQuality "1"]

1. d4 Nf6 2. c4 e6 3. Nf3 Bb4+ 4. Bd2 Qe7 5. Qc2 b6 6. a3 Bxd2+ 7. Nbxd2 Bb7 8. g3 c5 9. dxc5 bxc5 10. Bg2 0-0 11. 0-0 d6 12. b4 Nbd7 13. Nb3 Rac8 14. b5 Be4 15. Qc3 d5 16. Nfd2 d4 17. Qc1 Bxg2 18. Kxg2 e5 19. Na5 Rc7 20. Nc6 Qe6 21. Nb3 Ne4 22. Qc2 f5 23. e3 Nc3 24. exd4 cxd4 25. Qd3 f4 26. f3 Rf6 27. Rae1 Rh6 28. g4 Qf6 29. Rf2 a6 30. Nb4 axb5 31. cxb5 Nc5 32. Nxc5 Rxc5 33. Nc2 Rxb5 34. Qc4+ Qf7 35. Qc8+ Qf8 36. Qc4+ Kh8 37. a4 Rc5 38. Qb4 Nd5 39. Qb3 Rb6 40. Qd3 Ne3+ 41. Nxe3 fxe3 42. Rfe2 Qf4 43. Rd1 Rf6 44. Rf1 Rc3 45. Qb1 h5 46. gxh5 d3 0-1

[Event "BL 9495 (Women)"]
[Site "Germany"]
[Date "1995.02.19"]
[Round "9.2"]
[White "Semina, Svetlana"]
[Black "Lewandowska, Katarzyna"]
[Result "1/2-1/2"]
[WhiteElo "2205"]
[BlackElo "2125"]
[PlyCount "114"]
[EventDate "1994.10.01"]
[EventType "team-tourn"]
[EventRounds "11"]
[EventCountry "GER"]
[SourceTitle "EXT 1997"]
[Source "ChessBase"]
[SourceDate "1996.11.15"]
[SourceVersion "1"]
[SourceVersionDate "1996.11.15"]
[SourceQuality "1"]
[WhiteTeam "Bochum SG"]
[BlackTeam "Rodewisch"]
[WhiteTeamCountry "GER"]
[BlackTeamCountry "GER"]

1. e4 d5 2. exd5 Nf6 3. d4 Nxd5 4. Nf3 g6 5. c4 Nb6 6. Nc3 Bg7 7. h3 Nc6 8. Be3 0-0 9. Qd2 e5 10. d5 Ne7 11. g4 Re8 12. 0-0-0 Bd7 13. Rg1 Na4 14. Nxa4 Bxa4 15. Re1 Nc8 16. Bg5 Qd6 17. Bh6 c6 18. Bxg7 Kxg7 19. b3 cxd5 20. bxa4 Qa3+ 21. Qb2 Qxf3 22. Rxe5 Qf4+ 23. Re3+ d4 24. Kd1 Rxe3 25. fxe3 Qxe3 26. Rg2 Nd6 27. Rd2 Ne4 28. Qxd4+ Qxd4 29. Rxd4 Nc3+ 30. Kc2 Nxa4 31. Bg2 Nc5 32. Rf4 Re8 33. Bd5 f6 34. Rf2 Re3 35. Rh2 g5 36. h4 Rg3 37. hxg5 fxg5 38. Rf2 Rxg4 39. Rf7+ Kg6 40. Rc7 b6 41. Rxa7 Rf4 42. a4 g4 43. a5 bxa5 44. Rxa5 Nd7 45. Kd3 Nf6 46. Ke3 Rf5 47. Bf7+ Kg5 48. Rxf5+ Kxf5 49. c5 Ke5 50. c6 Kd6 51. Kf4 Kxc6 52. Be6 h5 53. Kg5 g3 54. Bh3 Ne4+ 55. Kxh5 Kd6 56. Bg2 Ke5 57. Kg4 Kd4 1/2-1/2

[Event "BL 9495 (Women)"]
[Site "Germany"]
[Date "1995.01.21"]
[Round "6.2"]
[White "Semina, Svetlana"]
[Black "Mai, Iris"]
[Result "1-0"]
[WhiteElo "2205"]
[BlackElo "2210"]
[PlyCount "61"]
[EventDate "1994.10.01"]
[EventType "team-tourn"]
[EventRounds "11"]
[EventCountry "GER"]
[SourceTitle "EXT 1997"]
[Source "ChessBase"]
[SourceDate "1996.11.15"]
[SourceVersion "1"]
[SourceVersionDate "1996.11.15"]
[SourceQuality "1"]
[WhiteTeam "Bochum SG"]
[BlackTeam "Halle USV"]
[WhiteTeamCountry "GER"]
[BlackTeamCountry "GER"]

1. e4 c5 2. Nf3 e6 3. c3 Nf6 4. e5 Nd5 5. d4 cxd4 6. cxd4 Nc6 7. a3 d6 8. Bd3 Qc7 9. 0-0 Bd7 10. Re1 dxe5 11. dxe5 Bc5 12. b4 Bb6 13. Bb2 a5 14. b5 Nce7 15. Nbd2 0-0 16. Rc1 Qd8 17. a4 Nb4 18. Bb1 Ned5 19. Ne4 h6 20. Nd6 Qb8 21. Nc4 Bd8 22. Qe2 Be7 23. Red1 Be8 24. Qe4 g6 25. h4 b6 26. h5 Bc5 27. Qg4 Ra7 28. hxg6 f5 29. exf6 Nxf6 30. Qxe6+ Kg7 31. Nd6 1-0

[Event "Ruhrgebiet VK3-chT 9596"]
[Site "Germany"]
[Date "1995.??.??"]
[Round "?"]
[White "Schleining, Zoya"]
[Black "Semina, Svetlana"]
[Result "1-0"]
[WhiteElo "2300"]
[BlackElo "2200"]
[PlyCount "39"]
[EventDate "1995.??.??"]
[EventType "team"]
[EventRounds "9"]
[EventCountry "GER"]
[SourceTitle "EXT 2001"]
[Source "ChessBase"]
[SourceDate "2000.11.22"]
[SourceVersion "1"]
[SourceVersionDate "2000.11.22"]
[SourceQuality "1"]

1. Nf3 d5 2. c4 dxc4 3. Na3 f6 4. e4 e5 5. Bxc4 Nc6 6. h3 Nh6 7. 0-0 Bc5 8. d4 exd4 9. Bxh6 gxh6 10. e5 Bf5 11. Nh4 Bg6 12. Nxg6 hxg6 13. Qb3 Bb6 14. exf6 Qxf6 15. Rae1+ Kd8 16. Re6 Qg7 17. Rfe1 Kd7 18. Bb5 Kd8 19. Rxc6 bxc6 20. Qe6 1-0

[Event "BL 9596 (Women)"]
[Site "Germany"]
[Date "1995.??.??"]
[Round "?"]
[White "Schulz, Petra"]
[Black "Semina, Svetlana"]
[Result "0-1"]
[WhiteElo "2110"]
[BlackElo "2230"]
[PlyCount "120"]
[EventDate "1995.10.??"]
[EventType "team-tourn"]
[EventRounds "11"]
[EventCountry "GER"]
[SourceTitle "EXT 1999"]
[Source "ChessBase"]
[SourceDate "1998.11.16"]
[SourceVersion "1"]
[SourceVersionDate "1998.11.16"]
[SourceQuality "1"]

1. e4 e5 2. Nf3 Nc6 3. d4 exd4 4. Nxd4 Nf6 5. Nxc6 bxc6 6. e5 Qe7 7. Qe2 Nd5 8. c4 Ba6 9. Qe4 Nf6 10. Qe2 Nd5 11. Qe4 Nb6 12. Nc3 Qe6 13. b3 Bb7 14. Bb2 a5 15. Be2 g6 16. Bg4 Qe7 17. 0-0 Bg7 18. Rfe1 0-0 19. Qe3 Rfe8 20. f4 d5 21. c5 Nd7 22. Bxd7 Qxd7 23. Qd4 Qf5 24. Ne2 Ba6 25. Ng3 Qg4 26. Re3 h5 27. h3 Qh4 28. Rae1 Kh7 29. f5 Qxd4 30. Bxd4 Bc8 31. Rf1 h4 32. fxg6+ fxg6 33. Ne2 Bf5 34. g4 hxg3 35. Nxg3 Be6 36. Kg2 Rab8 37. Ne2 a4 38. Kg3 axb3 39. axb3 Rb5 40. Rb1 Reb8 41. Kf2 Bf8 42. Rc3 Bf5 43. Rb2 Be7 44. Ke1 Bh4+ 45. Kd2 Bg5+ 46. Be3 Bxe3+ 47. Kxe3 Re8 48. Nd4 Rb4 49. Nxc6 d4+ 50. Nxd4 Rxe5+ 51. Kf2 Rxd4 52. b4 Ree4 53. b5 Rf4+ 54. Kg3 Rh4 55. Kg2 Rb4 56. Rcb3 Bxh3+ 57. Kg3 Rbg4+ 58. Kf3 Rf4+ 59. Kg3 Be6 60. Re3 Rfg4+ 0-1

[Event "Recklinghausen op"]
[Site "Recklinghausen"]
[Date "1995.??.??"]
[Round "7"]
[White "Semina, Svetlana"]
[Black "Wolter, Kai"]
[Result "1-0"]
[WhiteElo "2200"]
[BlackElo "2245"]
[PlyCount "67"]
[EventDate "1995.??.??"]
[EventType "swiss"]
[EventRounds "7"]
[EventCountry "GER"]
[SourceTitle "EXT 2001"]
[Source "ChessBase"]
[SourceDate "2000.11.22"]
[SourceVersion "1"]
[SourceVersionDate "2000.11.22"]
[SourceQuality "1"]

1. e4 c5 2. Nf3 e6 3. d4 cxd4 4. Nxd4 Nc6 5. Nc3 Qc7 6. Be2 a6 7. Be3 Nf6 8. a3 Be7 9. 0-0 0-0 10. f4 d6 11. Kh1 Bd7 12. Nf3 b5 13. Qe1 b4 14. axb4 Nxb4 15. Rc1 Bc6 16. Nd4 Bb7 17. Bf3 d5 18. e5 Ne4 19. Bxe4 dxe4 20. Qg3 Bc5 21. f5 Bxd4 22. f6 g6 23. Bxd4 Nc6 24. Qg5 Kh8 25. Nxe4 Rg8 26. Bc3 Rad8 27. Nd6 Rxd6 28. exd6 Qxd6 29. Rcd1 Qf8 30. Rd7 Ba8 31. Rf4 e5 32. Rh4 Nd4 33. Rxh7+ Kxh7 34. Qh4+ 1-0

[Event "Recklinghausen op"]
[Site "Recklinghausen"]
[Date "1995.??.??"]
[Round "6"]
[White "Weidemann, Christian"]
[Black "Semina, Svetlana"]
[Result "1-0"]
[WhiteElo "2215"]
[BlackElo "2200"]
[PlyCount "47"]
[EventDate "1995.??.??"]
[EventType "swiss"]
[EventRounds "7"]
[EventCountry "GER"]
[SourceTitle "EXT 2001"]
[Source "ChessBase"]
[SourceDate "2000.11.22"]
[SourceVersion "1"]
[SourceVersionDate "2000.11.22"]
[SourceQuality "1"]

1. e4 e5 2. f4 exf4 3. Nf3 g5 4. h4 g4 5. Ng5 d5 6. d4 h6 7. Nxf7 Kxf7 8. Bxf4 Nf6 9. Be2 dxe4 10. 0-0 Be7 11. Nc3 Ke8 12. Qd2 h5 13. Bc4 Bf5 14. Be5 Bh7 15. Qg5 Bg8 16. Qg6+ Kd7 17. Qf5+ Ke8 18. Bxg8 Rxg8 19. Bxf6 Bxf6 20. Qe6+ Qe7 21. Qxg8+ Kd7 22. Qd5+ Kc8 23. Nxe4 Bxh4 24. Qg8+ 1-0

[Event "BL 9495 (Women)"]
[Site "Germany"]
[Date "1994.11.20"]
[Round "5.2"]
[White "Lutz, Anke"]
[Black "Semina, Svetlana"]
[Result "1-0"]
[WhiteElo "2225"]
[BlackElo "2205"]
[PlyCount "93"]
[EventDate "1994.10.01"]
[EventType "team-tourn"]
[EventRounds "11"]
[EventCountry "GER"]
[SourceTitle "EXT 1997"]
[Source "ChessBase"]
[SourceDate "1996.11.15"]
[SourceVersion "1"]
[SourceVersionDate "1996.11.15"]
[SourceQuality "1"]
[WhiteTeam "Weimar"]
[BlackTeam "Bochum SG"]
[WhiteTeamCountry "GER"]
[BlackTeamCountry "GER"]

1. Nc3 d5 2. e4 dxe4 3. Nxe4 e5 4. Bc4 Nc6 5. d3 Be7 6. Nf3 Bg4 7. h3 Bh5 8. Ng3 Bg6 9. 0-0 a6 10. Re1 Qd6 11. Nxe5 Nxe5 12. Bf4 Nxc4 13. Bxd6 Nxd6 14. f4 0-0-0 15. Qf3 Nf5 16. Nxf5 Bxf5 17. Re5 Bd7 18. c3 Bd6 19. Ree1 Nf6 20. Rad1 Bc6 21. Qf2 Nh5 22. g3 g5 23. Qe2 Nxg3 24. Qg4+ Kb8 25. Qxg3 gxf4 26. Qf2 Rhg8+ 27. Kf1 f3 28. Qh4 Bg3 29. Qxh7 Rh8 30. Qf5 Bd7 31. Qxf3 Bxh3+ 32. Ke2 Bxe1 33. Rxe1 f5 34. Kd2 Bg4 35. Qf4 Rh7 36. d4 Rdh8 37. Qe5 Rh2+ 38. Kc1 R2h3 39. d5 Rd8 40. c4 b6 41. Qe7 Rhh8 42. Qe5 Kb7 43. Qf6 Rhf8 44. Qc6+ Kb8 45. Re7 Rc8 46. d6 f4 47. Rxc7 1-0